All Šibenik-Knin County settlements - Statistics

General Stats
  • This quiz has been taken 90 times
  • The average score is 46 of 199
Answers on the Map
Answers color-coded by a green-red scale on the quiz's map according to % correct below.
 
Answer Stats
Answer % Correct
Šibenik
100%
Vodice
94%
Drniš
89%
Knin
89%
Murter
89%
Primošten
89%
Skradin
83%
Tribunj
72%
Brodarica
67%
Kistanje
67%
Rogoznica
67%
Tisno
67%
Kijevo
61%
Unešić
61%
Civljane
56%
Pirovac
56%
Čavoglave
50%
Kornati
50%
Vrpolje
50%
Bilice
44%
Biskupija
44%
Ervenik
44%
Jezera
44%
Kovačić
44%
Siverić
44%
Zlarin
44%
Betina
39%
Srima
39%
Žirje
39%
Bribir
33%
Cetina
33%
Danilo
33%
Grebaštica
33%
Kaprije
33%
Kninsko Polje
33%
Mirlović Polje
33%
Perković
33%
Prvić Luka
33%
Žagrović
33%
Zaton
33%
Zečevo
33%
Čista Mala
28%
Čista Velika
28%
Đevrske
28%
Gaćelezi
28%
Golubić
28%
Krapanj
28%
Nevest
28%
Nunić
28%
Oklaj
28%
Pakovo Selo
28%
Plavno
28%
Polača
28%
Prvić Šepurine
28%
Rupe
28%
Ružić
28%
Strmica
28%
Uzdolje
28%
Baljci
22%
Biočić
22%
Bogatić
22%
Boraja
22%
Dubrava kod Šibenika
22%
Goriš
22%
Grabovci
22%
Kljake
22%
Krnjeuve
22%
Miočić
22%
Mirlović Zagora
22%
Mratovo
22%
Oćestovo
22%
Otavice
22%
Piramatovci
22%
Ražanj
22%
Vrbnik
22%
Žaborić
22%
Zvjerinac
22%
Biovičino Selo
17%
Bratiškovci
17%
Brnjica
17%
Cera
17%
Čitluk
17%
Danilo Biranj
17%
Donje Planjane
17%
Donje Polje
17%
Donje Utore
17%
Donje Vinovo
17%
Dubrava kod Tisna
17%
Dubravice
17%
Dvornica
17%
Gornje Planjane
17%
Gornje Utore
17%
Gornje Vinovo
17%
Gračac
17%
Gradac
17%
Karalić
17%
Ključ
17%
Koprno
17%
Kričke
17%
Kruševo
17%
Ljubotić
17%
Lozovac
17%
Lukar
17%
Markovac
17%
Matase
17%
Mokro Polje
17%
Moseć
17%
Orlić
17%
Ostrogašica
17%
Oton
17%
Pađene
17%
Parčić
17%
Plastovo
17%
Potkonje
17%
Puljane
17%
Radljevac
17%
Radonić
17%
Radučić
17%
Ramljane
17%
Raslina
17%
Razvođe
17%
Riđane
17%
Sitno Donje
17%
Sonković
17%
Suknovci
17%
Tepljuh
17%
Trbounje
17%
Umljanović
17%
Varivode
17%
Velika Glava
17%
Velušić
17%
Badanj
11%
Bićine
11%
Čvrljevo
11%
Danilo Kraljice
11%
Dazlina
11%
Drinovci
11%
Gošić
11%
Gradina
11%
Ivoševci
11%
Jadrtovac
11%
Jarebinjak
11%
Kadina Glavica
11%
Kakanj
11%
Kanjane
11%
Kaočine
11%
Kašić
11%
Konjevrate
11%
Krković
11%
Lepenica
11%
Lišnjak
11%
Ljubač
11%
Ljubostinje
11%
Mravnica
11%
Podine
11%
Podumci
11%
Pokrovnik
11%
Primošten Burnji
11%
Putičanje
11%
Široke
11%
Skradinsko Polje
11%
Slivno
11%
Smrdelje
11%
Visoka
11%
Vrsno
11%
Žitnić
11%
Bobodol
6%
Brištani
6%
Gorice
6%
Ićevo
6%
Kanica
6%
Kolašac
6%
Ložnice
6%
Modrino Selo
6%
Nos Kalik
6%
Oglavci
6%
Podglavica
6%
Podorljak
6%
Sapina Doca
6%
Sedramić
6%
Širitovci
6%
Štikovo
6%
Stivašnica
6%
Vaćani
6%
Vadalj
6%
Vezac
6%
Zatoglav
6%
Žažvić
6%
Ždrapanj
6%
Zečevo Rogozničko
6%
Cicvare
0%
Lađevci
0%
Međare
0%
No matching quizzes found
Score Distribution
Percent of People with Each Score
Percentile by Number Answered
Your Score History
You have not taken this quiz